Statistics for Adventure Forward 2 Quiz

Click here to take the quiz!

General Stats

  • This quiz has been taken 65 times
  • The average score is 23 of 32

Answer Stats

HintAnswer% Correct
World 7 Point (Mad Dragons)Arrolin
94%
World 9 Point (Distortion)Ixol
92%
World 4 Point (Wood & Saws)Ploque
92%
World 3 Point (Snow)Compale
89%
World 1 Point (Gears)Shallare
89%
World 2 Point (Jazz)Signol
89%
World 6 Point (Shadow)Ulipse
89%
World 5 Point (Stars and Future Maytown)Anshine
86%
Main CharacterCyalm
86%
World 8 Point (Robots)Mino
86%
Shopkeeper PointNaen
83%
Pocket Dimension Point (Nothing)Voixer
78%
Who created AF2?Explode1
75%
Pocket Dimesion Point (Future)Morward
75%
Pocket Dimension Point (Squares)Yawgate
75%
Pocket Dimension Point (Past)Pasless
72%
What country is Arrolin similar to?China
69%
What is the enormous building all the points are located in?Sky Emporium
69%
Tutorial PointSolgon
69%
World 7 NameMad Dragon Festival
67%
World 2 NameCavern Club
64%
World 1 NameAdventure Grounds
61%
World 9 NameDistortion Paradise
61%
World 10 NameShattered Shardscape
58%
World 5 NameStar Sanctuary
58%
World 8 NameBattery Canyon
56%
World 6 NameSandbrick Sandbox
56%
World 4 NameWooden Workshop
56%
Main Character's True Form NameCelestial
53%
World 3 NameFrosted Snowland
53%
The point from the first gameStratosfear
50%
What is the song used for World 9 Character Fight? (True Form)Black Magic
47%

Score Distribution

Percentile by Number Answered

Percent of People with Each Score

Your Score History

You have not taken this quiz